| 000 | 01160nam a2200265 a 4500 | ||
|---|---|---|---|
| 003 | OSt | ||
| 005 | 20230531134243.0 | ||
| 007 | cr ||||||a|c|a | ||
| 008 | 230530s2022 mx a|||fom||| 001 0 spa d | ||
| 040 | _erda | ||
| 100 | 1 |
_9187184 _aHernández Moreno, Isahar |
|
| 245 | 1 | 0 |
_aDiversidad genética en tres poblaciones de Pinus cembroides subsp. orizabensis de la Cuenca Oriental de México / _cpor Isahar Hernández Moreno; director de tesis Patricia Delgado Valerio |
| 264 | 1 |
_aChapingo, México : _bEl autor, _c2022. |
|
| 300 |
_a1 recurso en línea (50 páginas): _bIlustraciones, cuadros |
||
| 336 |
_2rdacontent _atexto _btxt |
||
| 337 |
_2rdamedia _acomputadora _bc |
||
| 338 |
_2rdacarrier _arecurso en línea _bcr |
||
| 502 |
_bIF _cDICIFO _d2022 _gLIC |
||
| 504 | _aIncluye referencias bibliográficas: páginas 42-50 | ||
| 650 | 4 |
_9135150 _aPinus cembroides _xPropagación |
|
| 650 | 4 |
_9135148 _aPinus cembroides _xGenética |
|
| 700 | 1 |
_9187185 _aDelgado Valerio, Patricia _eDirector de tesis |
|
| 856 |
_uhttp://10.13.5.2/tesis/tl/1511109-5_Hernandez-Moreno_Isahar.pdf _zDESCARGAR PDF |
||
| 942 |
_2Clasificación Universidad Autónoma Chapingo _cTD |
||
| 999 |
_c218858 _d218858 |
||